00907nam a22002297a 4500952009100000999001700091005001700108008004100125020001800166050001500184100005300199245011900252260003400371300001800405490002400423519009400447650003100541650003700572650002700609700002900636942001200665 00104070a19b19d2014-10-03l0oBF724 A24p19 001813r2014-10-03t1w2014-10-03yLB c94467d9446720231102151736.0140717s1988 mx ||||| |||| 00| 0 spa d a9789688532614 aBF724bA34 aAberastury de Pichón Rivière, Armindaeautor00aLa adolescencia normalb : un enfoque psicoanalíticoh / Armida Aberastury de Pichón Riviere y Mauricio Knobel aMéxicob: Paidósc , 1988 a163 páginas aPaidós Ecuador 57 aEducación Mixta / bPsicología / cDesarrollo psicológico II (P02-5) / d(19 001813 aADOLESCENCIA PSICOPÁTICO aADOLESCENTE, EL.vLIBERTAD, Y LA aADOLESCENCIAvSINDROME aKNOBEL, Mauricioecoaut. cLB2lcc